Management by process : (Record no. 3506)
[ view plain ]
| 000 -LEADER | |
|---|---|
| fixed length control field | 00591nam a22001697a 4500 |
| 020 ## - ISBN | |
| International Standard Book Number | 9780080943244 |
| 020 ## - ISBN | |
| International Standard Book Number | 0080943241 |
| 050 ## - LIBRARY OF CONGRESS CALL NUMBER | |
| Classification Number | HD58.87 |
| Item Number | .J48 2003 |
| 100 ## - MAIN ENTRY--Author | |
| Personal name | Jeston, John; |
| 245 ## - TITLE | |
| Title | Management by process : |
| Remainder of title | A roadmap to sustainable business process management |
| 260 ## - PUBLICATION, DISTRIBUTION, ETC.(IMPRINT) | |
| Place of publication, distribution, etc | Amsterdam ; Boston : |
| Name of publisher, distributor, etc | Elsevier/Butterworth-Heinemann, |
| Date of publication, distribution, etc | 2008. |
| 300 ## - PHYSICAL DESCRIPTION | |
| Extent | xviii, 303 p. : |
| 500 ## - GENERALNOTE | |
| General note | ill.<br/>includes index. |
| 650 ## - SUBJECT--TOPIC | |
| Topical term following geographic name as entry element | Reengineering (Management) Organizational change, Business planning. |
| Form subdivision | Book : Document : |
| General subdivision | English : |
| 700 ## - ADDED ENTRY--PERSONAL AUTHOR | |
| Personal Name | Nelis, Johan; |
| 942 ## - ADDED ENTRY ELEMENTS(KOHA) | |
| Koha item type | General circulation |
| Source of classification or shelving scheme | Not for loan | Location (home branch) | Sublocation (holding branch) | Date accessioned | Cost, normal purchase price | Full call number | Barcode | Cost, replacement price | Koha item type | Public note | Shelving location | Source of acquisition |
|---|---|---|---|---|---|---|---|---|---|---|---|---|
| Library of Congress Classification | Main Campus Library | Main Campus Library | 12/09/2014 | 4002.00 | HD58.87 .J48 2003 | 2017/020118 | 4502.00 | General circulation | leo | |||
| Library of Congress Classification | SEHSS - Library | SEHSS - Library | 19/10/2021 | [EHS] R 864 .H3 2005 | 2018/020633 | General circulation | Non-fiction | DONATION |